000 00575nam a2200181Ia 4500
008 100920s9999 xx 000 0 und d
082 _b106746
_a891.43 न 06
100 _aनीलाभ.
245 _aखण्डर बोल उठे.
260 _bसदानीरा प्रकाशन , इलाहाबाद.
_c2006
300 _a115
_bसाधी
365 _b125
520 _aहिंदी.
630 _aखण्डर बोल उठे.
650 _aहिंदी.
730 _aखण्डर बोल उठे.
942 _cBOOK
999 _c747171
_d747168